000 00858nam a22002177a 4500
005 20240530110549.0
008 160620s2014 ua afk f b 000 0 ara d
017 _a2013/11482
_bمصر . دار الكتب المصرية
020 _a9772329212
040 _aEG-CaGPL
082 0 4 _221
_a745.6191\
_bم ج
100 0 _aمصطفى محمد رشاد ابراهيم
245 1 0 _aجماليات الخط العربى و تطبيقاتها فى التصميمات الجرافيكية و المطبوعات /
_cمصطفى محمد رشاد ابراهيم
250 _aط.1
260 _aالقاهرة :
_bعالم الكتب ،
_c2014 .
300 _a226 ص . :
_bايض ؛
_c24 سم .
504 _aيشتمل على ارجاعات ببليوجرافية
650 0 4 _aالخط العربى
650 0 4 _aالفن الاسلامى
942 _2ddc
_cBK
999 _c62422
_d62422